Metodicheskiy servis «Pomoshch uchitelyu» - pesnya kak pretsedentnyy tekst v prepodavanii russkogo yazyka kak inostrannogo v Slovakii

Článok popisuje jednu z foriem práce s textom (pieseň ako precedensový text) pri štúdiu ruštiny ako cudzieho jazyka vo formáte metodickej služby Pomocník pre učiteľa.

Guardado en:
Detalles Bibliográficos
Autor principal: Bujnak, Milan
Otros Autores: Borisova, Ekaterina, 1971-
Formato: Capítulo de libro
Lenguaje:ruso
Materias:
Etiquetas: Agregar Etiqueta
Sin Etiquetas, Sea el primero en etiquetar este registro!

MARC

LEADER 00000naa$a2200000$$$4500
001 0307488
005 20250305125209.6
041 0 |a rus 
044 |a RU 
245 1 0 |a Metodicheskiy servis «Pomoshch uchitelyu» - pesnya kak pretsedentnyy tekst v prepodavanii russkogo yazyka kak inostrannogo v Slovakii  |c Milan Bujnak, Ekaterina Borisova 
520 |a Článok popisuje jednu z foriem práce s textom (pieseň ako precedensový text) pri štúdiu ruštiny ako cudzieho jazyka vo formáte metodickej služby Pomocník pre učiteľa. 
610 2 0 |a jazyky cudzie 
610 2 0 |a literatúra 
610 2 0 |a jazykoveda 
610 2 0 |a ruština 
100 1 |a Bujnak, Milan 
700 1 |a Borisova, Ekaterina, 1971-